00735nam a2200253 a 4500001001300000003000900013005001700022008004100039020000900080082001700089100002500106245003900131260004700170300000900217500003500226505002400261650002300285650001000308700002500318902000800343942000700351952010800358999001500466nice12345678IN_TiNIC20260116011912.0050524s1970 isla grp 000 0 eng  ac1500a181.07bSID3 aSiddiqi, Mazheruddin aConcept of Muslim Culture in Iqbal aIslambadbIslamic Research Institutec1970 a144p aincludes index and biblioraphy2 aBibliography, Index aPhilosophy-Islamic aIqbal1 aSiddiqi, Mazheruddin bSRS cBK 00104070aHMIbHMId2009-07-02g15.00l1o181.07 SID3p07637r2017-12-07s2017-11-27w2026-01-16yEB c4825d4825